[Event "HCL-C120"]
[Site "www.playchess.de"]
[Date "2001.02.21"]
[Round "1"]
[White "vulcan"]
[Black "ROB"]
[WhiteElo "988"]
[BlackElo "1000"]
[PlyCount "79"]
[Result "1-0"]

1.e4 e5 2.Nf3 Nc6 3.Bc4 Nf6 4.Ng5 d5 5.exd5 Nxd5 
6.d4 f6 7.Qf3 Bb4+ 8.c3 Nxd4 9.Qxd5 Qxd5 10.Bxd5 
Nc2+ 11.Kd2 Nxa1 12.cxb4 fxg5 13.Kc3 c6 14.Be4 O-O 
15.Be3 Be6 16.Nd2 a5 17.Rxa1 axb4+ 18.Kxb4 Rxa2 
19.Rxa2 Bxa2 20.b3 h5 21.Nc4 h4 22.Nb2 g4 23.Ka3 
Ra8+ 24.Na4 b5 25.Bxc6 Ra5 26.Kxa2 bxa4 27.bxa4 
Kf7 28.Kb3 Kf6 29.f3 gxf3 30.Bxf3 g5 31.h3 Ra6 
32.Kb4 Rd6 33.a5 Rd3 34.Bb6 Kf5 35.a6 e4 36.Bg4+ 
Kf4 37.a7 Rd2 38.a8Q {%}  Rb2+ 39.Kc5 e3 
40.Qf3+ 1-0

[Event "HCL-C133"]
[Site "www.playchess.de"]
[Date "2001.02.21"]
[Round "6"]
[White "Hanbei"]
[Black "Edik"]
[WhiteElo "988"]
[BlackElo "1000"]
[PlyCount "38"]
[Result "1/2-1/2"]

1.d4 Nf6 2.c4 g6 3.Nc3 Bg7 4.Bf4 d6 5.Nf3 O-O 6.h3 
c5 7.dxc5 dxc5 8.e3 Nc6 9.Be2 b6 10.O-O Bb7 
11.Qxd8 Raxd8 12.Rfd1 Nh5 13.Bh2 Bxc3 14.bxc3 
Rxd1+ 15.Rxd1 Rd8 16.Rxd8+ Nxd8 17.Bb8 Nc6 18.Bc7 
Nf6 19.Bd3 Ne8 1/2-1/2

[Event "HCL-C136"]
[Site "www.playchess.de"]
[Date "2001.02.21"]
[Round "3"]
[White "Grisu"]
[Black "locko"]
[WhiteElo "754"]
[BlackElo "765"]
[PlyCount "27"]
[Result "1-0"]

1.e4 e5 2.Nc3 Nc6 3.b3 Bc5 4.Nf3 f6 5.g4 h5 6.h3 
hxg4 7.Ng1 f5 8.exf5 Qh4 9.Ne4 d5 10.Nxc5 e4 11.d3 
Rh5 12.dxe4 dxe4 13.Nxe4 Bxf5 14.Ng3 1-0

[Event "HCL-C142"]
[Site "www.playchess.de"]
[Date "2001.02.21"]
[Round "4"]
[White "sonnyspock"]
[Black "Boudicca"]
[WhiteElo "1202"]
[BlackElo "1000"]
[PlyCount "23"]
[Result "1-0"]

1.e4 e5 2.Nf3 Nc6 3.Bc4 Bc5 4.O-O d6 5.c3 Nf6 6.d3 
O-O 7.Bb3 a6 {Hello again}  8.Re1 {hi again!}  Ba7 
{I've missed playing}  9.Nbd2 {i also did but i 
have other website to console my self.}  Ng4 {any 
site you would recommend?}  10.Rf1 {Try 
stansco.com and very-best.de.}  Na5 {I'll give 
them a try, thanks.}  11.Bc2 c5 {Thanks I will.}  
12.Nc4 1-0

[Event "HCL-C147"]
[Site "www.playchess.de"]
[Date "2001.02.21"]
[Round "5"]
[White "arsenic"]
[Black "Leon"]
[WhiteElo "1257"]
[BlackElo "1000"]
[PlyCount "36"]
[Result "0-1"]

1.e4 e5 2.Nf3 Nc6 3.Bc4 Nf6 {Finally, after six 
weeks....}  4.Ng5 {it was worth all the trouble}  
d5 {I agree. This is my favorite chess site.}  
5.exd5 {Do you know any other websites?}  Na5 
{Sure.  www... chessclub.com, freechess.org, 
worldchessnetwork.com, atlanticchess.com, 
very-best.de}  6.Bb5+ c6 7.dxc6 bxc6 8.Be2 h6 
9.Nh3 Bc5 10.d3 O-O {I'm back.}  11.O-O Qc7 12.Nd2 
Rd8 13.Bf3 Bf5 14.Qe2 e4 15.dxe4 Rde8 16.Qd1 Bxh3 
17.gxh3 Qe5 18.Kh1 Bd6 0-1

[Event "HCL-C148"]
[Site "www.playchess.de"]
[Date "2001.02.21"]
[Round "23"]
[White "German04"]
[Black "surak"]
[WhiteElo "1215"]
[BlackElo "1235"]
[PlyCount "51"]
[Result "1-0"]

1.e4 e6 2.d4 d5 3.Nc3 Bb4 4.Bd2 dxe4 5.Nxe4 Qxd4 
6.Nc3 Bxc3 7.Bxc3 Qxd1+ 8.Rxd1 f6 9.Nf3 Nc6 10.Bb5 
Bd7 11.O-O O-O-O 12.Rfe1 e5 13.Nd2 Nge7 14.a4 a6 
15.Bc4 h5 16.Ne4 h4 17.Nc5 g5 18.Nxd7 Rxd7 19.Be6 
Rhd8 20.Bxd7+ Rxd7 21.Rxd7 Kxd7 22.b4 Ke6 23.b5 
axb5 24.axb5 Na5 25.Bxa5 b6 26.Bb4 1-0

[Event "HCL-E013"]
[Site "www.playchess.de"]
[Date "2001.02.21"]
[Round "8"]
[White "Goofy"]
[Black "edwardchess"]
[WhiteElo "2200"]
[BlackElo "1903"]
[PlyCount "65"]
[Result "1/2-1/2"]

1.d4 e6 2.c4 Nf6 3.Nc3 Bb4 4.e3 b6 5.Bd3 Bb7 6.Nf3 
Ne4 7.Qc2 f5 8.O-O Bxc3 9.bxc3 O-O 10.Nd2 Qh4 
11.f3 Nxd2 12.Bxd2 Nc6 13.g3 Qh5 14.e4 Na5 15.Rab1 
Ba6 16.exf5 exf5 17.c5 Bxd3 18.Qxd3 Qf7 19.Bf4 
Rfc8 20.Rfe1 Nc6 21.d5 Ne7 22.c4 Ng6 23.Re2 Nxf4 
24.gxf4 Rce8 25.cxb6 Rxe2 26.Qxe2 axb6 27.Re1 Kf8 
28.Qc2 Re8 29.Re5 g6 30.Qb2 d6 31.Rxe8+ {I just 
want to play a few more moves}  Kxe8 32.Qb5+ Qd7 
33.Qb2 1/2-1/2

[Event "HCL-E016"]
[Site "www.playchess.de"]
[Date "2001.02.21"]
[Round "9"]
[White "edwardchess"]
[Black "Robby"]
[WhiteElo "1947"]
[BlackElo "2000"]
[PlyCount "52"]
[Result "0-1"]

1.d4 e6 2.Nf3 f5 3.Bg5 Be7 4.Bxe7 Qxe7 5.Nbd2 Nf6 
6.c3 d6 7.e3 O-O 8.Bc4 Kh8 9.O-O Nc6 10.b4 e5 
11.Qb3 e4 12.Ne1 a5 13.a4 axb4 14.Nc2 bxc3 15.Qxc3 
Be6 16.Bxe6 Qxe6 17.Rfb1 Na5 18.Nb4 Rfc8 19.d5 
Nxd5 20.Nxd5 Qxd5 21.Rb5 Qd3 22.Qxd3 exd3 23.Rxf5 
c5 24.Rd5 c4 25.Nxc4 Nxc4 26.Rxd3 
b5 0-1

[Event "ACL-A048"]
[Site "www.playchess.de"]
[Date "2001.02.21"]
[Round "7"]
[White "Robama"]
[Black "chrisg"]
[WhiteElo "1499"]
[BlackElo "1717"]
[PlyCount "42"]
[Result "0-1"]

1.e3 d5 2.Bb5+ Bd7 3.Qe2 c6 4.Ba4 Qa5 5.b3 b5 6.b4 
Qxa4 7.a3 Qxc2 8.Nc3 Nf6 9.Nf3 Bg4 10.h3 Bf5 
11.Nh4 Bd3 12.Qf3 g5 13.g3 gxh4 14.gxh4 Bg7 15.Qg3 
O-O 16.f4 Ne4 17.Nxe4 Bxe4 18.Rg1 Bg6 19.h5 Bxa1 
20.Ke2 Kg7 21.hxg6 fxg6 0-1

[Event "ACL-A065"]
[Site "www.playchess.de"]
[Date "2001.02.21"]
[Round "29"]
[White "Pupser"]
[Black "Hermi"]
[WhiteElo "1500"]
[BlackElo "2070"]
[PlyCount "80"]
[Result "0-1"]

1.d4 Nf6 2.c4 e6 3.Nc3 Bb4 4.Qc2 O-O 5.a3 Bxc3+ 
6.Qxc3 b6 7.Bg5 Bb7 8.e3 d6 9.Nf3 Nbd7 10.Nd2 c5 
11.f3 Rc8 12.dxc5 Rxc5 13.Bh4 d5 14.b4 Rc6 15.Qb3 
dxc4 16.Bxc4 Ne5 17.Be2 Ng6 18.Bg3 Nh5 19.Bf2 Qg5 
20.f4 Nhxf4 21.exf4 Nxf4 22.Nf3 Qf5 23.Bf1 Rd8 
24.Rd1 Rxd1+ 25.Kxd1 Qf6 26.Bd4 Rd6 27.Kc2 Rxd4 
28.Nxd4 Qxd4 29.Qc3 Be4+ 30.Kb2 Qf2+ 31.Ka1 h6 
32.Bc4 Qxg2 33.Re1 Bg6 34.h4 Qh2 35.b5 Qxh4 36.Rf1 
Nd5 37.Bxd5 exd5 38.Rd1 Qg4 39.Qb3 Be4 40.Rc1 
h5 0-1

[Event "ACL-A070"]
[Site "www.playchess.de"]
[Date "2001.02.21"]
[Round "6"]
[White "Zorro"]
[Black "Mr_Arnaud"]
[WhiteElo "1500"]
[BlackElo "1240"]
[PlyCount "20"]
[Result "0-1"]

1.e4 c5 2.Nc3 Nc6 3.g3 g6 4.Bg2 Bg7 5.d3 d6 6.Nh3 
e6 7.Be3 b6 8.Qd2 Bb7 9.Nf4 Nge7 10.Rb1 
O-O 0-1

[Event "ACL-A070"]
[Site "www.playchess.de"]
[Date "2001.02.21"]
[Round "18"]
[White "DaveM"]
[Black "Zorro"]
[WhiteElo "1500"]
[BlackElo "1500"]
[PlyCount "23"]
[Result "1-0"]

1.e4 e6 2.d4 d5 3.e5 c5 4.c3 Nc6 5.Nf3 Qb6 6.a3 
cxd4 7.cxd4 Bd7 8.Nc3 Rc8 9.Be2 Na5 10.O-O Ne7 
11.Qd3 a6 12.Rb1 1-0

[Event "CCL-E006"]
[Site "www.playchess.de"]
[Date "2001.02.21"]
[Round "10"]
[White "ZAGO"]
[Black "Schachzwerg"]
[WhiteElo "2000"]
[BlackElo "2000"]
[PlyCount "69"]
[Result "1-0"]

1.e4 c5 2.c3 d5 3.exd5 Qxd5 4.d4 cxd4 5.cxd4 Nc6 
6.Nf3 e6 7.Nc3 Qa5 8.Bd3 Nf6 9.O-O Bd6 10.Bg5 Be7 
11.Qd2 O-O 12.a3 Rd8 13.b4 Qb6 14.Be3 Qc7 15.Bf4 
Bd6 16.Bg5 Nxd4 17.Nxd4 Bxh2+ 18.Kh1 Rxd4 19.Nb5 
Bf4 20.Bxh7+ Nxh7 21.Qxd4 Be5 22.Nxc7 Bxd4 23.Be3 
Bxe3 24.Nxa8 Bf4 25.Rfd1 Nf8 26.a4 Bd7 27.b5 b6 
28.Ra3 Bc8 29.Rd8 Bb7 30.a5 Bg5 31.Re8 bxa5 
32.Rxa5 Bxa8 33.Rxa8 g6 34.R5xa7 Kg7 
35.b6 1-0

[Event "ACL-A080"]
[Site "www.playchess.de"]
[Date "2001.02.21"]
[Round "3"]
[White "Zsozso"]
[Black "deepcover"]
[WhiteElo "1500"]
[BlackElo "1730"]
[PlyCount "62"]
[Result "0-1"]

1.e4 {Hello. Good game!}  c5 2.Nf3 d6 {You too!}  
3.d4 cxd4 4.Nxd4 Nf6 5.Nc3 a6 6.Bg5 e6 7.f4 Be7 
8.Qf3 Qc7 9.O-O-O Nbd7 10.g4 b5 11.Bxf6 Nxf6 12.g5 
Nd7 13.f5 Bxg5+ 14.Kb1 Ne5 15.Qh5 Qe7 16.Nxe6 g6 
17.Qxg5 fxe6 18.f6 Qd8 19.Bh3 O-O 20.Rhf1 Ra7 
21.Rf2 Raf7 22.Rdf1 Nc4 23.Ne2 Qb6 24.R2f3 Ne5 
25.R3f2 Nc4 26.Nf4 Qd4 27.c3 Qxe4+ 28.Ka1 {It's 
terrible.}  Ne3 {I don't think it is lost yet!}  
29.Rg1 {But I think.}  R7xf6 30.Nxg6 hxg6 31.Rxf6 
Nc2+ 0-1

[Event "HCL-C156"]
[Site "www.playchess.de"]
[Date "2001.02.21"]
[Round "15"]
[White "surak"]
[Black "Allesnehmer"]
[WhiteElo "1243"]
[BlackElo "1631"]
[PlyCount "60"]
[Result "0-1"]

1.e4 e6 2.d4 d5 3.Nc3 Nf6 4.Bg5 dxe4 5.Nxe4 Be7 
6.Nxf6+ Bxf6 7.Bxf6 Qxf6 8.Nf3 O-O 9.c3 Nd7 10.Bd3 
e5 11.O-O exd4 12.Nxd4 Ne5 13.Bc2 c5 14.Nb3 b6 
15.Qh5 h6 16.f4 Nc4 17.Be4 Rb8 18.Rf2 Re8 19.Bd5 
Ne3 20.Re1 Bg4 21.Qxf7+ Qxf7 22.Bxf7+ Kxf7 23.h3 
Bd7 24.Rfe2 Nc4 25.Kf2 Rxe2+ 26.Rxe2 Re8 27.Rc2 
Bf5 28.Rc1 Nxb2 29.g4 Nd3+ 30.Kg3 
Re3+ 0-1

[Event "HCL-C155"]
[Site "www.playchess.de"]
[Date "2001.02.21"]
[Round "10"]
[White "Translightor"]
[Black "tiberiuskirk"]
[WhiteElo "1041"]
[BlackElo "1100"]
[PlyCount "55"]
[Result "1-0"]

1.e4 {Hello & Good luck!}  e6 2.d4 d5 3.Nd2 Nf6 
4.e5 Nfd7 5.Bd3 c5 6.c3 Nc6 7.Ngf3 cxd4 8.cxd4 f6 
9.exf6 Nxf6 10.O-O Bd6 11.Re1 O-O 12.Nb3 Bd7 
13.Nc5 Bxc5 14.dxc5 b6 15.cxb6 Qxb6 16.h3 Nh5 
17.b3 Nb4 18.Be3 Qc7 19.Rc1 Qd6 20.Bc5 Qf4 21.Bxf8 
Rxf8 22.Bb1 e5 23.a3 Nc6 24.Qxd5+ Qf7 25.Qxf7+ 
Rxf7 26.Nxe5 Nxe5 27.Rxe5 g6 28.Rc7 1-0

[Event "HCL-B150"]
[Site "www.playchess.de"]
[Date "2001.02.21"]
[Round "10"]
[White "victor"]
[Black "liero"]
[WhiteElo "1200"]
[BlackElo "1199"]
[PlyCount "25"]
[Result "1-0"]

1.e4 e5 2.Nf3 d6 3.d4 exd4 4.Qxd4 Nc6 5.Bb5 Bd7 
6.Bxc6 Bxc6 7.c4 Qe7 8.Nc3 Nf6 9.Nd5 Nxd5 10.cxd5 
Bb5 11.Qb4 a6 12.a4 Bd3 13.Qxb7 1-0

[Event "HCL-C156"]
[Site "www.playchess.de"]
[Date "2001.02.21"]
[Round "17"]
[White "dakini"]
[Black "exoticorn"]
[WhiteElo "1480"]
[BlackElo "1157"]
[PlyCount "58"]
[Result "0-1"]

1.e4 e5 2.Nf3 Nc6 3.Bb5 a6 4.Ba4 b5 5.Bb3 Nf6 
6.O-O Bb7 7.Re1 Bc5 8.c3 O-O 9.d4 exd4 10.cxd4 Bb6 
11.a3 Re8 12.Nc3 Na5 13.Nd5 Nxb3 14.Nxf6+ Qxf6 
15.Bg5 Qd6 16.e5 Qd5 17.Rb1 Nxd4 18.Be3 Nxf3+ 
19.gxf3 Rxe5 20.Qxd5 Bxd5 21.Bxb6 Rg5+ 22.Kf1 Bc4+ 
23.Re2 Bxe2+ 24.Kxe2 cxb6 25.Rc1 Rc5 26.Rd1 Re5+ 
27.Kf1 Rd8 28.f4 Re4 29.Rd6 Re6 0-1

[Event "HCL-B149"]
[Site "www.playchess.de"]
[Date "2001.02.21"]
[Round "12"]
[White "Riza"]
[Black "Capablancanot"]
[WhiteElo "1321"]
[BlackElo "1200"]
[PlyCount "44"]
[Result "0-1"]

1.e4 d6 2.d4 Nf6 3.Nc3 Nbd7 4.Bd3 e5 5.d5 c6 6.Nf3 
Qc7 {Greetings from the US.}  7.O-O h6 {My wife is 
Indonesian/Dutch. Her mother lives in the 
Netherlands.}  8.Re1 {oh yeah? where is she come 
from?}  Be7 {I will ask my wife. Her mom had to 
leave Indonesia when the Japanese bombed her 
home.}  9.Be3 Nf8 {The family left Jakarta in the 
1930's. Settled in Den Haag. But Germans started 
the war.}  10.dxc6 {nice story, u should've make a 
novel}  bxc6 {It is all true. My wife's mother's 
name is Van Beem.}  11.a4 {I believe you...}  g5 
{Are the political problems over now? No more 
riots?}  12.b4 {still on going, it's a kind of 
process to democracy}  a6 {After the first riots, 
American news agencies stopped covering it. So we 
are in the dark about it.}  13.Qe2 {i see}  Ng6 
14.g3 g4 15.Nd2 d5 16.exd5 cxd5 17.Bc5 Bxc5 
18.Bxg6 Bd4 19.Nxd5 Nxd5 20.Bxf7+ Kxf7 21.Rac1 Bb2 
22.Qe4 Bxc1 0-1

[Event "HCL-B149"]
[Site "www.playchess.de"]
[Date "2001.02.21"]
[Round "14"]
[White "Riza"]
[Black "iq160"]
[WhiteElo "1321"]
[BlackElo "998"]
[PlyCount "34"]
[Result "0-1"]

1.e4 c5 2.Nf3 d6 3.d4 cxd4 4.Nxd4 Nf6 5.Nc3 g6 
6.Bd3 Bg4 7.f3 Bd7 8.O-O Qb6 9.Be2 e5 10.Be3 d5 
11.Nf5 d4 12.Bf2 gxf5 13.Re1 Bc5 14.Nd5 Nxd5 
15.exd5 d3 16.Bxc5 Qxc5+ 17.Kf1 dxe2+ {what about 
resigning? I would lead the tourn then} 
 0-1

[Event "ACL-A081"]
[Site "www.playchess.de"]
[Date "2001.02.21"]
[Round "8"]
[White "Edik"]
[Black "liero"]
[WhiteElo "1501"]
[BlackElo "1367"]
[PlyCount "33"]
[Result "1-0"]

1.e4 e5 2.Nf3 d6 3.d4 exd4 4.Nxd4 Qe7 5.Nc3 Nf6 
6.Bd3 g6 7.O-O Bg7 8.Be3 O-O 9.Nde2 Be6 10.Ng3 
Nbd7 11.h3 b6 12.Nb5 Qd8 13.Nd4 Re8 14.Qe2 Nc5 
15.Bb5 Rf8 16.Nc6 Qe8 17.Bxc5 1-0

[Event "CCL-E009"]
[Site "www.playchess.de"]
[Date "2001.02.21"]
[Round "10"]
[White "premio53"]
[Black "joepechie"]
[WhiteElo "2000"]
[BlackElo "2000"]
[PlyCount "84"]
[Result "0-1"]

1.Nf3 Nf6 2.c4 c6 3.d4 d5 4.cxd5 cxd5 5.Nc3 Nc6 
6.Bf4 Bf5 7.e3 {What kind of program are you 
running?}  e6 {cm8000...what are you using?}  
8.Bb5 {I'm using a Radio Shack Champion 2250XL. 
What kind of hardware are you using?}  Bd6 9.Ne5 
Rc8 {I'm using a old 166mhz/32MB system.Is the 
2250xl one of those protable games?}  10.Qa4 {Sure 
is.}  Bxe5 {I have 2 Radioshack games}  11.Bxe5 
{Believe it or not I ran the one hour CCR test by 
Larry Kaufman with the Radio Shack and  rated 
2248.}  a6 {I have a 1680x and a kasparov travel 
model}  12.Bxc6+ Rxc6 13.Qb4 Nd7 14.Bf4 g5 15.Bg3 
Rb6 16.Qa3 Qe7 17.Qxe7+ Kxe7 18.b3 Rc6 19.Rc1 Rhc8 
20.Kd2 b5 21.a3 a5 22.Nxb5 R6c2+ 23.Rxc2 Rxc2+ 
24.Kd1 Rb2 25.Re1 Rxb3 26.Bd6+ Ke8 27.a4 Nb6 
28.Bc5 Nxa4 29.Nd6+ Kd7 30.Ke2 Bg6 31.Ra1 Nc3+ 
32.Kf3 a4 33.Kg4 f6 34.h4 h5+ 35.Kg3 g4 36.Kh2 Kc6 
37.f3 gxf3 38.gxf3 Rb2+ 39.Kg3 e5 40.Ba3 Rb1 
41.Rxb1 Nxb1 42.Nc8 Nxa3 0-1

[Event "HCL-C164"]
[Site "www.playchess.de"]
[Date "2001.02.21"]
[Round "1"]
[White "sonnygarcia"]
[Black "Colm"]
[WhiteElo "1103"]
[BlackElo "1273"]
[PlyCount "40"]
[Result "0-1"]

1.e4 e5 {good luck !}  2.Nf3 {greetings!}  Nc6 
3.Bc4 Bc5 {Sorry I've been away}  4.O-O Nf6 5.d3 
h6 6.Bb3 d5 7.exd5 Nxd5 8.Re1 Bg4 9.c3 O-O 10.Nbd2 
Nf4 11.Nc4 Nxd3 12.Ncxe5 Ncxe5 13.Rxe5 Bxf3 
14.Qxf3 Nxe5 15.Qxb7 Rb8 16.Qa6 Re8 17.Bf4 Bxf2+ 
18.Kxf2 Nd3+ 19.Kg3 Nxf4 20.Kxf4 
Qg5+ 0-1

[Event "HCL-C164"]
[Site "www.playchess.de"]
[Date "2001.02.21"]
[Round "8"]
[White "Colm"]
[Black "MAPS"]
[WhiteElo "1273"]
[BlackElo "1000"]
[PlyCount "49"]
[Result "1-0"]

1.d4 {good luck}  d5 {Hi, My name is Miguel and 
this is my first game on line. Good luck.}  2.c4 
{I'm Colm ... welcome !}  dxc4 {Hey Colm, How long 
have you been playing chess?}  3.Nf3 {I learned as 
a kid, but I haven't played seriously in about 15 
years ! I just getting restarted}  Nc6 {Please, 
let me know what time it is there on your next 
play ?  I am in Florida and it is 3:50 pm.}  4.Nc3 
{Sorry I've been away ...in Tampa in fact !}  e5 
{I live 3 hours away from Tampa. Tell me about 
your vacations and if you went to Ivor City.}  
5.d5 {Actually it was a cruise leaving from Tampa, 
-the weather in the NE meant we stayed a day 
there.}  Bb4 {Was it a Carnival cruise? I've been 
twice on those.}  6.Qa4 {yes!  Key west, playa de 
carmen, cozumel -  btw, I live in NJ}  Bxc3+ {How 
did you like Cozumel?}  7.bxc3 {Not much - it 
exists only for tourism - loved  Tulum & a jeep 
tour of the jungle in PdC}  Qxd5 {I liked the 
beaches but my favorite island is Caiman Island.}  
8.Ba3 {ooops !  dropped that pawn}  Bg4 {What, you 
didn't see it.}  9.Rd1 {'fraid not!}  Qa5 {No way. 
Are You?}  10.Qxa5 Nxa5 {But you will be.}  
11.Nxe5 Nh6 12.g3 f6 13.Nxg4 Nxg4 14.Bg2 Rd8 
15.O-O Rxd1 16.Rxd1 Ne5 17.f4 Ng4 18.Rd4 Kf7 
19.Rd7+ Kg6 20.Bd5 Re8 21.Bf7+ Kh6 22.Bxe8 Ne3 
23.Bf8 Nf5 24.Rd5 {I think I have better than a 
draw here !}  Nd6 {I'm sorry, I did not know what 
draw meant. I'm learning english.}  25.Rh5+ {No 
problem ... sorry about this - game got out of 
control very quickly}  1-0

[Event "HCL-C163"]
[Site "www.playchess.de"]
[Date "2001.02.21"]
[Round "16"]
[White "Smutje"]
[Black "Nutz"]
[WhiteElo "854"]
[BlackElo "1119"]
[PlyCount "70"]
[Result "0-1"]

1.e4 e5 2.Qf3 Nf6 3.g4 d5 4.g5 Nxe4 5.c4 Nxg5 
6.Qxd5 f6 7.Be2 c6 8.Qg2 Bf5 9.h4 Be4 10.f3 Nxf3+ 
11.Nxf3 g5 12.hxg5 Rg8 13.d3 Rxg5 14.Qh3 Bf5 
15.Qf1 Rg6 16.Rxh7 b5 17.Nh4 Rg7 18.Rh8 Be6 
19.Bh5+ Bf7 20.Bh6 Rg8 21.Rh7 Bxh5 22.Nf5 Bg6 
23.Qg1 Bxh7 24.Qh2 Bxf5 25.Nd2 Rh8 26.Qf2 Qxd3 
27.Be3 Rh1+ 28.Nf1 Bb4+ 29.Bd2 Bxd2+ 30.Kd1 Rxf1+ 
31.Qxf1 Qxf1+ 32.Kxd2 Qxa1 33.Kc3 Na6 34.a3 Qd1 
35.cxb5 Qd3+ 0-1

[Event "ACL-A088"]
[Site "www.playchess.de"]
[Date "2001.02.21"]
[Round "8"]
[White "Westqualmer"]
[Black "class58"]
[WhiteElo "1500"]
[BlackElo "1337"]
[PlyCount "73"]
[Result "1-0"]

1.e4 e5 2.Nf3 Nc6 3.Bb5 a6 4.Ba4 b5 5.Bb3 Bb7 
6.O-O Nd4 7.Nxd4 exd4 8.d3 Bc5 9.Bxf7+ Kxf7 
10.Qh5+ g6 11.Qxc5 Nf6 12.Qxd4 d6 13.Bg5 c5 
14.Qxf6+ Qxf6 15.Bxf6 Kxf6 16.f4 Rae8 17.Nd2 Rhf8 
18.a4 b4 19.Nc4 Ke6 20.Rae1 Bc6 21.a5 Kd7 22.e5 d5 
23.Nd6 Re6 24.g4 Bb5 25.Nxb5 axb5 26.f5 gxf5 
27.gxf5 Rg8+ 28.Kh1 Re7 29.e6+ Kd6 30.f6 Rxe6 
31.Rxe6+ Kxe6 32.f7 Rf8 33.a6 d4 34.a7 c4 35.Re1+ 
Kf6 36.Re8 Rxf7 37.a8Q {%}  1-0

[Event "HCL-B162"]
[Site "www.playchess.de"]
[Date "2001.02.21"]
[Round "8"]
[White "pird"]
[Black "Jeff_Foster"]
[WhiteElo "1498"]
[BlackElo "1333"]
[PlyCount "68"]
[Result "0-1"]

1.e4 d6 2.d4 Nf6 3.Bc4 g6 {3. ... Nxe4 4. Bxf7+ 
would be fun, but not for me :)}  4.f3 Bg7 5.Bg5 
h6 6.Bh4 c6 7.c3 d5 8.Bd3 dxe4 9.fxe4 Bg4 10.Nf3 
Nbd7 11.O-O O-O 12.Nbd2 Nh5 13.Qb3 Nf4 14.Bc2 Nb6 
15.a4 g5 16.Bf2 Be6 17.Qb4 a5 18.Qc5 Nd7 19.Qa3 
Qc7 20.Qxe7 Rfe8 21.Qa3 Bf8 22.b4 g4 23.Ne1 Ne2+ 
24.Kh1 g3 25.hxg3 Nxg3+ 26.Bxg3 Qxg3 27.Rf3 Qh4+ 
28.Kg1 Bd6 29.e5 axb4 30.Qc1 Nxe5 31.dxe5 Bc5+ 
32.Kf1 bxc3 33.Nb3 Bc4+ 34.Nd3 
Qh1+ 0-1

[Event "HCL-B160"]
[Site "www.playchess.de"]
[Date "2001.02.21"]
[Round "18"]
[White "Riza"]
[Black "Gruhni"]
[WhiteElo "1321"]
[BlackElo "1412"]
[PlyCount "83"]
[Result "1-0"]

1.e4 e5 2.f4 d6 3.Nf3 Bg4 4.Bc4 Bxf3 5.Qxf3 f6 
6.O-O Nc6 7.Nc3 Nd4 8.Qh5+ g6 9.Qd1 Qe7 10.Nd5 Qd7 
11.d3 c6 12.Ne3 O-O-O 13.f5 Qg7 14.c3 Nb5 15.Bxb5 
cxb5 16.Qb3 Qd7 17.Nd5 g5 18.Be3 Kb8 19.a4 b4 
20.Qxb4 Ne7 21.Nxf6 Qc6 22.c4 Bg7 23.Bxg5 h6 
24.Bh4 Bxf6 25.Bxf6 Rh7 26.Bxe7 Rxe7 27.g4 Rg8 
28.h3 h5 29.Kh2 hxg4 30.Rfg1 Rh7 31.Rg3 Rgh8 
32.Rxg4 R7xh3+ 33.Kg2 Qd7 34.Rg1 R3h4 35.Rg6 Qh7 
36.Qxd6+ Ka8 37.Qxe5 Rh2+ {My pawn situation 
doesn't look good :)}  38.Kf3 Qh5+ 39.R6g4 Rh3+ 
40.Kf2 Rh2+ 41.Ke1 Rh1 42.Qg3 1-0

[Event "HCL-B165"]
[Site "www.playchess.de"]
[Date "2001.02.21"]
[Round "5"]
[White "Gandalf_9417"]
[Black "Vampyr"]
[WhiteElo "1509"]
[BlackElo "1300"]
[PlyCount "46"]
[Result "0-1"]

1.d4 Nf6 2.Nf3 g6 3.e3 Bg7 4.Bd3 O-O 5.O-O d6 6.c3 
Nbd7 {would you to the draw?}  7.Nbd2 c5 8.e4 e6 
9.Re1 a6 {draw?}  10.Qc2 b5 11.c4 b4 12.d5 exd5 
13.exd5 Ng4 14.Ne4 Nde5 15.Bg5 f6 16.Bf4 Nxf3+ 
17.gxf3 Ne5 18.Bxe5 fxe5 19.Be2 Rf4 20.b3 {Yes}  
Bf5 {not yet}  21.Kh1 Qh4 22.Qd1 Bxe4 23.fxe4 
Rxf2 0-1

[Event "HCL-C170"]
[Site "www.playchess.de"]
[Date "2001.02.21"]
[Round "14"]
[White "dakini"]
[Black "Controler"]
[WhiteElo "1432"]
[BlackElo "1041"]
[PlyCount "52"]
[Result "0-1"]

1.d4 d5 2.c4 e6 3.a3 Nc6 4.Nf3 Nf6 5.Bg5 dxc4 6.e4 
b5 7.Nc3 Be7 8.Be2 O-O 9.Bxf6 Bxf6 10.e5 Bg5 
11.Nxb5 a6 12.Nxc7 Qxc7 13.Nxg5 Qb6 14.Bxc4 Qxb2 
15.Rb1 Qc3+ 16.Qd2 Qxc4 17.Rc1 Qd5 18.Rxc6 Qxc6 
19.Qd3 g6 20.Qh3 h5 21.O-O Rb8 22.g4 f6 23.gxh5 
Bb7 24.f3 fxg5 25.hxg6 Qd7 26.Kf2 
Rxf3+ 0-1

[Event "HCL-A073"]
[Site "www.playchess.de"]
[Date "2001.02.21"]
[Round "36"]
[White "Blunderer"]
[Black "Roussos"]
[WhiteElo "1945"]
[BlackElo "1700"]
[PlyCount "21"]
[Result "1-0"]

1.e4 c5 2.Nf3 Nc6 3.d4 cxd4 4.Nxd4 e5 5.Nb5 d6 
6.N1c3 a6 7.Na3 Be6 8.Nd5 b5 9.Be3 Nf6 10.Bb6 Qb8 
11.Nc7+ 1-0

[Event "HCL-C174"]
[Site "www.playchess.de"]
[Date "2001.02.21"]
[Round "9"]
[White "Phlo"]
[Black "Pietros"]
[WhiteElo "1000"]
[BlackElo "1372"]
[PlyCount "30"]
[Result "0-1"]

1.e4 {Hi}  e5 2.Nf3 Nc6 3.Bc4 Nf6 4.Ng5 d5 5.exd5 
Nxd5 6.Qf3 Qxg5 7.Bxd5 Be6 8.Bxc6+ Bd7 9.Bxd7+ 
Kxd7 10.Qxf7+ Be7 11.O-O Rad8 12.d4 Qf6 13.Qd5+ 
Bd6 14.dxe5 Qxe5 15.Nc3 Qxh2+ 0-1

[Event "HCL-C174"]
[Site "www.playchess.de"]
[Date "2001.02.21"]
[Round "15"]
[White "Phlo"]
[Black "Stef"]
[WhiteElo "1000"]
[BlackElo "1199"]
[PlyCount "47"]
[Result "1-0"]

1.e4 {Hi}  e5 2.Nf3 c5 3.Bc4 d6 4.d3 Be6 5.Bg5 f6 
6.Bxe6 fxg5 7.Qd2 h6 8.b4 Nc6 9.bxc5 dxc5 10.Nc3 
a5 11.Nd5 b6 12.Rb1 Ra6 13.O-O Qe7 14.Nxe7 Ngxe7 
15.Bd5 Nxd5 16.exd5 Nb4 17.Nxe5 Bd6 18.Rfe1 Nxa2 
19.Ng6+ Kf7 20.Nxh8+ Kg8 21.Re8+ Kh7 22.d4 cxd4 
23.Qd3+ g6 24.Qxg6+ 1-0

[Event "HCL-B174"]
[Site "www.playchess.de"]
[Date "2001.02.21"]
[Round "12"]
[White "rafita"]
[Black "Whatever"]
[WhiteElo "1365"]
[BlackElo "1500"]
[PlyCount "42"]
[Result "1/2-1/2"]

1.d4 {hello and good luck!}  Nf6 2.Nf3 g6 3.c4 c5 
{Welcome online rafita, how are you?}  4.d5 {fine, 
thx}  b5 5.cxb5 a6 6.bxa6 Bxa6 7.Nc3 d6 8.e4 Bxf1 
9.Kxf1 Bg7 10.g3 O-O 11.Kg2 Nbd7 12.Re1 Qc7 13.h3 
Rfb8 14.Re2 Ne8 15.Rc2 Ne5 16.Nxe5 Bxe5 17.Bd2 Rb4 
18.a3 Rb3 19.a4 Qb6 20.Nb5 Rxb2 21.Bc3 
Bxc3 1/2-1/2

[Event "HCL-A079"]
[Site "www.playchess.de"]
[Date "2001.02.21"]
[Round "6"]
[White "Lydeking"]
[Black "One_i"]
[WhiteElo "1534"]
[BlackElo "1600"]
[PlyCount "79"]
[Result "1/2-1/2"]

1.e4 d5 {good luck to you from Canada}  2.exd5 Nf6 
3.d4 {good luck back}  Bg4 4.f3 Bf5 5.Bb5+ Nbd7 
6.c4 e6 7.dxe6 Bxe6 8.d5 Bf5 9.Nc3 Bb4 10.Qe2+ Kf8 
11.Be3 a6 12.Ba4 Nc5 13.Bxc5+ Bxc5 14.O-O-O h5 
15.Nh3 Qd6 16.Rhe1 Qxh2 17.Bc2 Re8 18.Qd2 Bxc2 
19.Rxe8+ Nxe8 20.Kxc2 Qd6 21.Ne4 Qb6 22.Nxc5 Qxc5 
23.Qd4 Qxd4 24.Rxd4 Ke7 25.Kc3 Rh6 26.Re4+ Kd7 
27.b4 Rf6 28.c5 Rf5 29.Kd4 Nf6 30.Re5 Rxe5 31.Kxe5 
Nh7 32.a4 g6 33.b5 axb5 34.axb5 f6+ 35.Kd4 Nf8 
36.Nf4 Ke7 37.Nd3 g5 38.Ke4 Nd7 39.Kf5 b6 
40.c6 1/2-1/2